Στοιχεία κυματικής διάδοσης και εφαρμογές
Αποθηκεύτηκε σε:
| Κύριος συγγραφέας: | |
|---|---|
| Συγγραφή απο Οργανισμό/Αρχή: | |
| Μορφή: | Βιβλίο |
| Γλώσσα: | Greek |
| Δημοσίευση: |
Πάτρα :
Ελληνικό Ανοικτό Πανεπιστήμιο,
2015.
|
| Θέματα: | |
| Ετικέτες: |
Προσθήκη ετικέτας
Δεν υπάρχουν, Καταχωρήστε ετικέτα πρώτοι!
|
MARC
| LEADER | 00000cam a2200000 a 4500 | ||
|---|---|---|---|
| 001 | 1/117162 | ||
| 008 | 180913t2015####gr | ||| |||| ||gre|| | ||
| 020 | |a 9789605389598 | ||
| 040 | |a GR-MyUa |b gre |c GR-MyUa |e AACR2 | ||
| 041 | 0 | |a gre | |
| 082 | 7 | |a 531.1133 |2 (23) | |
| 100 | 1 | |a Αθανασιάδης, Χριστόδουλος, |d 1947- | |
| 245 | 1 | 0 | |a Στοιχεία κυματικής διάδοσης και εφαρμογές / |c Χριστόδουλος Αθανασιάδης. |
| 246 | 1 | |i Συλλογικός τίτλος : |a Ειδικά θέματα Μαθηματικών | |
| 260 | |a Πάτρα : |b Ελληνικό Ανοικτό Πανεπιστήμιο, |c 2015. | ||
| 300 | |a 568 σ. : |b σχέδια ; |c 28 εκ. | ||
| 500 | |a Σχολή Θετικών Επιστημών και Τεχνολογίας. Πρόγραμμα σπουδών : Μεταπτυχιακές σπουδές στα Μαθηματικά. | ||
| 504 | |a Βιβλιογραφία: σ. 507-521. Περιέχει ευρετήριο. | ||
| 650 | 0 | |a Waves. | |
| 650 | 0 | |a Waves |x Problems, exercises, etc. | |
| 650 | 0 | |a Waves |x Mathematics. | |
| 710 | 2 | |a Ελληνικό Ανοικτό Πανεπιστήμιο. | |
| 852 | |a INST |b SAMOS |e 20180913 |h 531.1133 ΑΘΑ |p 005300045564 |q 005300045564 |t BK |v τομ.1: |y 0 | ||
| 853 | |a INST |b SAMOS |h 531.1133 ΑΘΑ | ||
| 970 | |a Φιλιππή |b Φάλη |z 13-09-2018 | ||